Cosmic plasma physics (Record no. 14546)

MARC details
000 -LEADER
fixed length control field 00543nam a2200193Ia 4500
003 - CONTROL NUMBER IDENTIFIER
control field IN-BaIIA
008 - FIXED-LENGTH DATA ELEMENTS--GENERAL INFORMATION
fixed length control field 211028s9999 xx 000 0 eng d
020 ## - INTERNATIONAL STANDARD BOOK NUMBER
International Standard Book Number 0-7923-6822-7
040 ## - CATALOGING SOURCE
Transcribing agency IIA Library
080 ## - UNIVERSAL DECIMAL CLASSIFICATION NUMBER
Universal Decimal Classification number 52(082.1)
Item number ASS-251
100 ## - MAIN ENTRY--PERSONAL NAME
Personal name Somov, B. V
9 (RLIN) 19274
245 #0 - TITLE STATEMENT
Title Cosmic plasma physics
Statement of responsibility, etc. Boris V. Somov
260 ## - PUBLICATION, DISTRIBUTION, ETC.
Place of publication, distribution, etc. Dordrecht
Name of publisher, distributor, etc. Kluwer Academic
Date of publication, distribution, etc. 2000
300 ## - PHYSICAL DESCRIPTION
Extent xix, 652p.
490 ## - SERIES STATEMENT
Series statement Astrophysics and space science library; v. 251
650 ## - SUBJECT ADDED ENTRY--TOPICAL TERM
Topical term or geographic name entry element Cosmic plasma
9 (RLIN) 25854
650 ## - SUBJECT ADDED ENTRY--TOPICAL TERM
Topical term or geographic name entry element Plasma Physics
9 (RLIN) 3732
942 ## - ADDED ENTRY ELEMENTS (KOHA)
Koha item type Books
Holdings
Withdrawn status Lost status Damaged status Not for loan Home library Current library Shelving location Date acquired Cost, normal purchase price Total Checkouts Full call number Barcode Date last seen Cost, replacement price Price effective from Koha item type Purchase Price
        IIA Library-Bangalore IIA Library-Bangalore General Stacks 27/03/2002 10478.16   52(082.1)/ ASS-251 15468 05/11/2021 10478.16 27/03/2002 Books Rs. 10,478.16

Powered by Koha